000 00374nam a22001577a 4500
003 SGT
020 _a9780198063650
082 _a302
_bC15J
100 _aJETHWANEY,JAISRI
245 _aCORPORATE COMMUNICATION
260 _aNEW DELHI
_bOXFORD UNIVERSITY PRESS
_c2015
300 _a432
650 _aCORPORATE COMMUNICATION
653 _aCOMMUNICATION
942 _2ddc
_cBK
_04
999 _c12778
_d12778